000 00370nam a2200145Ia 4500
008 231129s2009||||xx |||||||||||||| ||spa||
020 _a978-84-206-3913-0
040 _bspa
082 _a131.33 K47t
100 _aKierkegaard Soren
245 0 _aTemor y temblor
260 _c2009
264 _aAlianza Editorial
942 _2ddc
_cBKS
999 _c25170
_d25170